000 00285nam a22001337a 4500
008 170831b xxu||||| |||| 00| 0 eng d
020 _a0618531963
041 _aeng
080 _27TH
_a070
100 _a40
101 _aMED
245 _aPUBLIC SPEAKING
_cOSBORN,S
942 _2udc
_cBK
999 _c25740
_d25740